Agglomérations françaises de plus de 20k habitants - Statistiques

Statistiques générales
  • Ce quiz a été pris 258 fois
  • Le résultat moyen est 156 sur 282
Réponses sur la Carte
Les réponses sont colorées sur une échelle allant du rouge au vert en fonction du pourcentage des utilisateurs qui les ont devinées à leur premier essai. Vous pouvez retrouver ces pourcentages ci-dessous.
 
Statistiques - réponses
Population Agglomération % Correct
10 890 751 Paris
96%
1 702 921 Lyon
93%
22 953 Toul
93%
1 008 509 Bordeaux
92%
962 697 Nice
92%
1 058 439 Lille (partie française)
91%
1 625 845 Marseille-Aix-en-Provence
91%
473 092 Montpellier
91%
1 063 235 Toulouse
91%
371 464 Rennes
90%
487 063 Strasbourg (partie française)
90%
203 750 Brest
89%
456 057 Grenoble
89%
677 080 Nantes
89%
462 747 Avignon
87%
162 146 Dunkerque
87%
54 952 La Roche-sur-Yon
87%
183 327 Nîmes
87%
205 183 Perpignan
87%
374 643 Saint-Étienne
87%
595 715 Toulon
87%
132 295 Valence
87%
85 796 Ajaccio
86%
183 697 Annecy
86%
210 769 Caen
86%
21 833 Clermont
86%
273 078 Clermont-Ferrand
86%
231 245 Le Havre
86%
248 911 Dijon
85%
138 236 La Rochelle
85%
164 332 Amiens
84%
248 271 Angers
84%
263 704 Bayonne (partie française)
84%
92 172 Calais
84%
285 983 Nancy
84%
475 035 Rouen
84%
72 167 Bastia
83%
61 798 Bourg-en-Bresse
83%
94 829 Colmar
83%
505 839 Douai-Lens
83%
217 245 Le Mans
83%
287 541 Orléans
83%
76 408 Quimper
83%
189 109 Saint-Denis
83%
123 645 Lorient
82%
291 207 Metz
82%
245 309 Mulhouse
82%
204 037 Pau
82%
214 889 Reims
82%
364 389 Tours
82%
139 611 Troyes
82%
141 245 Besançon
80%
198 882 Chambéry
80%
47 323 Saint-Malo
80%
81 516 Vannes
80%
77 432 Belfort
79%
95 786 Béziers
79%
88 891 Chartres
79%
80 762 Cherbourg-en-Cotentin
79%
185 703 Limoges
79%
134 397 Poitiers
79%
96 268 Saint-Brieuc
79%
190 847 Saint-Nazaire
79%
94 088 Sète
79%
333 383 Valenciennes (partie française)
79%
47 154 Carcassonne
78%
125 552 Cayenne
78%
80 960 Montauban
78%
61 228 Beauvais
77%
84 691 Bourges
77%
63 407 Laval
77%
80 711 Agen
76%
109 558 Angoulême
76%
53 134 Arles
76%
88 883 Arras
76%
42 090 Auxerre
76%
68 245 Blois
76%
84 013 Boulogne-sur-Mer
76%
114 896 Fort-de-France
76%
69 134 Menton-Monaco (partie française)
76%
56 395 Narbonne
76%
73 911 Albi
75%
58 483 Évreux
75%
101 227 Fréjus
75%
73 665 Niort
75%
25 180 Saint-Lô
75%
60 074 Châteauroux
74%
81 502 Thonon-les-Bains
74%
194 216 Genève - Annemasse (partie française)
73%
58 654 Nevers
73%
40 975 Gap
72%
69 218 La Teste-de-Buch - Arcachon
72%
61 519 Mâcon
72%
80 362 Tarbes
72%
76 144 Brive-la-Gaillarde
71%
79 472 Chalon-sur-Saône
71%
103 593 Mamoudzou
71%
81 938 Meaux
71%
112 810 Montbéliard
71%
65 333 Périgueux
71%
251 525 Pointe-à-Pitre - Les Abymes
71%
47 891 Rodez
71%
173 125 Saint-Pierre
71%
57 792 Charleville-Mézières
70%
62 114 Saint-Quentin
70%
100 775 Alès
69%
40 545 Mont-de-Marsan
69%
137 498 Thionville
69%
57 935 Castres
67%
56 315 Châlons-en-Champagne
67%
71 168 Compiègne
67%
52 496 Dax
67%
61 799 Épinal
67%
173 821 Saint-Paul
67%
26 404 Auch
66%
70 578 Draguignan
66%
21 099 Tulle
66%
98 318 Vienne
66%
33 427 Aurillac
65%
24 523 Cahors
65%
53 936 Cholet
65%
27 454 Laon
65%
48 402 Les Sables-d'Olonne
65%
40 713 Alençon
64%
126 719 Creil
64%
109 457 Maubeuge (partie française)
64%
355 671 Béthune
63%
38 047 Le Puy-en-Velay
63%
58 505 Montélimar
63%
37 493 Moulins
63%
80 810 Roanne
63%
66 471 Vichy
63%
64 204 Bergerac
62%
23 264 Millau
61%
35 454 Dieppe
60%
48 883 Dreux
60%
27 462 Fougères
60%
60 785 Haguenau
60%
36 631 Libourne
60%
30 064 Saintes
60%
81 155 Sarrebruck - Forbach (partie française)
60%
39 019 Sens
60%
51 570 Montluçon
59%
28 533 Vesoul
59%
25 384 Abbeville
58%
37 273 Fontainebleau
57%
50 250 Saint-Laurent-du-Maroni
57%
53 935 Saint-Louis
57%
25 222 Sedan
57%
28 897 Dinan
56%
57 177 Montargis
56%
38 009 Rochefort
56%
74 149 Saint-Omer
56%
22 889 Verdun
56%
45 705 Cambrai
55%
26 522 Lons-le-Saunier
55%
48 432 Villeneuve-sur-Lot
55%
22 728 Chaumont
54%
30 585 Dole
54%
92 832 Cluses
53%
43 311 Soissons
53%
40 657 Albertville
52%
41 855 Bâle - Saint-Louis (partie française)
52%
61 901 Bourgoin-Jallieu
52%
34 877 Dinard
52%
47 443 Lannion
52%
31 387 Oyonnax
52%
57 151 Romans-sur-Isère
52%
40 122 Royan
52%
61 409 Salon-de-Provence
52%
29 338 Saumur
50%
31 610 Manosque
49%
80 047 Armentières (partie française)
48%
49 448 Basse-Terre
48%
20 032 Beaune
48%
22 096 Guingamp
48%
31 457 Le Creusot
48%
25 793 Morlaix
48%
28 565 Sarreguemines (partie française)
48%
30 222 Pamiers
47%
33 583 Riom
47%
29 553 Saint-Dizier
46%
29 103 Agde
45%
42 141 Aubenas
45%
43 861 Berck
45%
40 087 Châtellerault
45%
29 193 Épernay
45%
23 088 Pontarlier
45%
24 430 Saint-Laurent-de-la-Salanque
45%
27 646 Annonay
44%
22 521 Château-Thierry
44%
27 657 Concarneau
44%
32 184 Étampes
44%
52 664 Lunel
44%
26 816 Rambouillet
44%
40 456 Saint-Dié-des-Vosges
44%
28 588 Vierzon
44%
26 238 Cognac
43%
29 791 Lisieux
43%
63 320 Voiron
41%
129 846 Le Robert
40%
28 329 Marmande
40%
22 279 Vendôme
40%
20 797 Gex
39%
31 470 Tournon-sur-Rhône
38%
23 526 Brignol
37%
36 531 Montceau-les-Mines
37%
32 255 Vernon
37%
21 395 Lunéville
36%
23 778 Montbrison
36%
23 027 Redon
35%
26 021 Granville
34%
21 258 Honfleur
34%
50 130 Longwy (partie française)
34%
57 150 Saint-André
34%
37 023 Saint-Benoît
34%
27 926 Castelsarrasin
33%
20 190 Landerneau
33%
46 588 Sallanches
33%
31 103 Beaucaire
32%
24 612 Kourou
32%
39 458 La Tour-du-Pin
32%
30 175 Challans
31%
36 908 Chantilly
30%
63 736 Saint-Cyprien
30%
27 286 Auray
29%
24 583 Hazebrouck
29%
23 101 Pornic
29%
29 431 Sainte-Marie
29%
28 644 Coulommiers
28%
21 432 Flers
27%
21 107 Nemours
26%
31 713 Thann - Cernay
26%
24 526 Mazamet
25%
20 605 Montaigu-Vendée
25%
29 037 Bagnols-sur-Cèze
24%
38 933 Louviers
24%
20 012 Pertuis
24%
23 758 Pont-à-mousson
23%
64 061 Saint-Just-Saint-Rambert
23%
21 013 Belleville-en-Beaujolais
22%
51 424 Saint-Joseph
22%
34 893 Saint-Leu
22%
23 639 Beaupréau-en-Mauges
21%
21 386 Chemillé-en-Anjou
21%
27 159 Molsheim
21%
31 434 Montereau-Fault-Yonne
21%
21 248 Remiremont
21%
40 953 Saint-Hilaire-de-Riez
21%
22 317 Hennebont
20%
36 134 Saint-Amand-les-Eaux
20%
28 648 Guebwiller
19%
25 806 Sèvremoine
19%
38 508 Villefontaine
18%
35 865 Dives-sur-Mer
17%
39 641 Le Lamentin
17%
22 120 Tergnier
17%
20 466 Biganos
16%
20 982 Saint-Marcellin
16%
38 837 Persan - Beaumont-sur-Oise
15%
33 304 Saint-Avold (partie française)
15%
20 375 Vizille
15%
22 311 Borgo
14%
29 273 Dzaoudzi
13%
25 494 Fouesnant
13%
21 100 L'Arbresle
13%
24 293 Sainte-Suzanne
13%
21 502 Esch-sur-Alzette - Villerupt (partie française)
12%
22 080 Lillebonne
12%
29 214 Charvieu-Chavagneux
11%
21 374 Le Pont-de-Beauvoisin
11%
22 717 Penmarch
11%
20 009 Barentin
10%
21 567 Dombasle-sur-Meurthe
10%
25 270 L'Étang-Salé
10%
26 175 Loire-Authion
10%
52 897 Bailly-Romainvilliers
9%
28 256 Champagne-sur-Seine
9%
23 097 Jœuf
8%
25 369 Capesterre-Belle-Eau
5%
20 973 Épône
3%
20 324 Fillière
3%
Aucun quiz correspondant
Distribution des résultats
% des personnes avec chaque résultat
Percentile par nombre de réponses
Votre historique - résultats
Vous n’avez pas pris ce quiz